| 000 | 00443nab a2200145Ia 4500 | ||
|---|---|---|---|
| 003 | ES-SlBCS | ||
| 005 | 20210601125441.0 | ||
| 008 | 140529s1972 xxu||||| |||| 00| 0 eng d | ||
| 041 | _aeng | ||
| 100 | 1 |
_aSlattery, Michael P. _950930 |
|
| 245 | 0 | 0 |
_aMore on What There Isn't _c Michael P. Slattery |
| 600 | 1 | 4 |
_aMore, Henry _d, 1614-1687 _9138584 |
| 773 | 0 |
_tReview of Methaphysics _gvol. 26, nº. 102, 1972, págs. 344-348 _wRev843 |
|
| 942 | _cAR | ||
| 999 |
_c530554 _d530554 |
||